000 00530nam a2200169 4500
001 137082
003 ES-MaACL
007 t|
008 070214s1954 sp r ||||1| spa d
100 1 _aSalas López, Fernando de.
_9101763
245 1 0 _aLiteratura militar /
_cpor Fernando de Salas López y Fernando Nestares Guillén.
250 _a1ª ed.
260 _aMadrid :
_b[s. n.],
_c1954 (
_fImp. Juan Bravo)
300 _a298 p. ;
_c21 cm.
700 1 _aNestares Guillén, Fernando.
_985411
852 _aES-MaACL
_jC-9628
_bR.36156
999 _c137082
_d137082